| 000 | 00569ntaaa2200193 4500 | ||
|---|---|---|---|
| 003 | 01 | ||
| 005 | 20251027201918.0 | ||
| 008 | 0714s1973 ag 01 | ||
| 040 |
_aAR-BaBN _bspa _cAR-BaBN _eaacr _dRIC |
||
| 082 | _a244.1000 W49 | ||
| 100 |
_aWerner, Jane _917632 |
||
| 245 | _aLibro de oro de estampas de la Biblia | ||
| 250 | _a1 ed. | ||
| 260 |
_aMéxico : _bEditorial Novaro-México, S.A., _c1959 |
||
| 300 | _a48 p. | ||
| 500 | _aTemas principales del Antiguo y Nuevo Testamentos en 48 estampas a todo color. | ||
| 650 |
_aHistorias Bíblicas _910167 |
||
| 942 | _cBK | ||
| 999 |
_c13822 _d13822 |
||